PARKS TEXT BOOK OF PREVENTIVE & SOCIAL MEDICINE (Record no. 4506)

MARC details
000 -LEADER
fixed length control field 00404nam a2200145Ia 4500
008 - FIXED-LENGTH DATA ELEMENTS--GENERAL INFORMATION
fixed length control field 150201s2009 xx 000 0 und d
082 ## - DEWEY DECIMAL CLASSIFICATION NUMBER
Classification number 617.601
Item number P2009P
100 ## - MAIN ENTRY--PERSONAL NAME
Personal name PARK,K
245 ## - TITLE STATEMENT
Title PARKS TEXT BOOK OF PREVENTIVE & SOCIAL MEDICINE
250 ## - EDITION STATEMENT
Edition statement 20TH
260 ## - PUBLICATION, DISTRIBUTION, ETC. (IMPRINT)
Name of publisher, distributor, etc. BANARSIDAS BHANOT PUBLISHERS
Place of publication, distribution, etc. JABALPUR
Date of publication, distribution, etc. 2009
300 ## - PHYSICAL DESCRIPTION
Extent 1-832
650 ## - SUBJECT ADDED ENTRY--TOPICAL TERM
Topical term or geographic name as entry element PREVENTIVE AND COMMUNITY DENTISTRY
942 ## - ADDED ENTRY ELEMENTS (KOHA)
Source of classification or shelving scheme Dewey Decimal Classification
Koha item type Books
Holdings
Withdrawn status Lost status Source of classification or shelving scheme Damaged status Not for loan Home library Current library Date acquired Source of acquisition Cost, normal purchase price Serial Enumeration / chronology SGTU Bill Number Total Checkouts Full call number Barcode Date last seen Date last checked out Bill Date Koha item type Checked out
    Dewey Decimal Classification     SGT Dental Library SGT Dental Library 29/10/2010 U.B.S.DELHI 750.00 1 SGTU 620 1 617.601 P2009P FD6126 12/03/2020 04/03/2020 29/03/2013 Books  
    Dewey Decimal Classification     SGT Dental Library SGT Dental Library 29/10/2010 U.B.S.DELHI 750.00 1 SGTU 620 3 617.601 P2009P FD6127 15/05/2026 15/05/2026 29/03/2013 Books 29/05/2026
    Dewey Decimal Classification     SGT Dental Library SGT Dental Library 29/10/2010 U.B.S.DELHI 750.00 1 SGTU 620   617.601 P2009P FD6128 09/02/2015   29/03/2013 Books  
    Dewey Decimal Classification     SGT Dental Library SGT Dental Library 29/10/2010 U.B.S.DELHI 750.00 1 SGTU 620 1 617.601 P2009P FD6129 19/02/2026 16/01/2026 29/03/2013 Books  
    Dewey Decimal Classification     SGT Dental Library SGT Dental Library 29/10/2010 U.B.S.DELHI 750.00 1 SGTU 620   617.601 P2009P FD6130 09/02/2015   29/03/2013 Books